大阪市港区町名クイズ - Statistics

General Stats
  • This quiz has been taken 7 times
  • The average score is 6 of 16
Answer Stats
Answer % Correct
弁天
83%
市岡
67%
夕凪
67%
市岡元町
50%
港晴
50%
築港
50%
八幡屋
50%
石田
33%
田中
33%
波除
33%
三先
33%
池島
17%
磯路
17%
海岸通
17%
福崎
17%
南市岡
17%
No matching quizzes found
Score Distribution
Percent of People with Each Score
Percentile by Number Answered
Your Score History
You have not taken this quiz